| 000 | 00450nam a22001817a 4500 | ||
|---|---|---|---|
| 005 | 20200204114331.0 | ||
| 008 | 200204b xxu||||| |||| 00| 0 eng d | ||
| 020 |
_a9781529027495 _cRs. 599 |
||
| 040 |
_aLoreto College _bEng |
||
| 041 | _aEnglish | ||
| 100 | _aBaldacci, David | ||
| 245 |
_aOne food deed _cDavid Baldacci |
||
| 260 |
_aLondon _bMacmillan _c2019 |
||
| 300 |
_a422 p. _b24 cm. |
||
| 650 | _aFiction | ||
| 850 | _aLCLIB | ||
| 942 | _cBK | ||
| 999 |
_c42573 _d93052 |
||